Brawl Stars: Sprout Skins by Picture - Statistics

General Stats
  • This quiz has been taken 27 times
    9 since last reset
  • The average score is 7 of 9
Answer Stats
Picture Answer % Correct
Lunar Sprout
86%
True Gold Sprout
86%
True Silver Sprout
86%
Aquamarine Sprout
71%
Corrupted Sprout
71%
Tanuki Sprout
71%
Tropical Sprout
71%
Emerald Prince Sprout
57%
Ruby Prince Sprout
57%
No matching quizzes found
Score Distribution
Percent of People with Each Score
Percentile by Number Answered
Your Score History
You have not taken this quiz since the last reset